000 00386nam a2200169Ia 4500
999 _c10322
_d10322
003 OSt
005 20220314174343.0
008 220308s9999 xx 000 0 und d
020 _a9783791345222
082 _a624.1771
_bBAL
100 _a Crossover Cecil Balmond 
245 0 _aCrossover
260 _b Prestel (21 October 2013)
365 _cGBP
365 _d40
942 _2ddc